CRC Handbook of Chemistry and Physics : A Ready-Reference Book of Chemical and Physical Data /
Na minha lista:
| Outros Autores: | |
|---|---|
| Formato: | Livro |
| Idioma: | inglês |
| Publicado em: |
Boca Raton :
CRC Press,
2008
|
| Edição: | 88th ed. |
| Assuntos: | |
| Tags: |
Sem tags, seja o primeiro a adicionar uma tag!
|
MARC
| LEADER | 00000nam a22000003a 4500 | ||
|---|---|---|---|
| 001 | stu152858 | ||
| 005 | 20150617225946.2 | ||
| 008 | 071129s2008----xxu-----------------eng-d | ||
| 020 | |a 0-8493-0488-1 | ||
| 040 | |a STU |b slo | ||
| 041 | 0 | |a eng | |
| 044 | |a xxu | ||
| 080 | |a 54+53(03) | ||
| 100 | 1 | |a Lide, David R. |4 com | |
| 245 | 1 | |a CRC Handbook of Chemistry and Physics : |b A Ready-Reference Book of Chemical and Physical Data / |c Zost.: Lide, D. | |
| 250 | |a 88th ed. | ||
| 260 | |a Boca Raton : |b CRC Press, |c 2008 | ||
| 300 | |a preruš.str | ||
| 650 | 7 | |a chémia |2 stusub | |
| 650 | 7 | |a fyzika |2 stusub | |
| 650 | 7 | |a encyklopédie |2 stusub | |
| 996 | |b 284EK87063 |c E*87063 |l EE10 |s P |a 0 |w stu152858_0001 | ||